| Поле | Инд. | ПП | Название | Значение |
|---|---|---|---|---|
| Тип записи | a | |||
| Библиографический уровень | i | |||
| 001 | Контрольный номер | UNIDUBNAc77f6833a23f4962a00ee0e428efa45e | ||
| 005 | Дата корректировки | 20251112174317.8 | ||
| 041 | 0_ | a | Код языка текста | eng |
| 090 | a | Полочн. индекс | Внешний ресурс | |
| 245 | 10 | a | Заглавие | Springer Materials |
| c | Ответственность | Springer Nature Switzerland AG | ||
| b | Продолж. заглавия | [web platform] | ||
| b | Продолж. заглавия | [academic databases] | ||
| 257 | a | Страна производителя архивных фильмов | зарубежный | |
| 260 | a | Место издания | Cham, Switzerland | |
| 336 | a | Термин вида содержания | Электронные данные | |
| 353 | a | наборы данных | ||
| 380 | a | информационно-поисковая система | ||
| 500 | a | Примечание | Ресурс из централизованной подписки РЦНИ | |
| 520 | 0_ | a | Аннотация | Одна из крупнейших в мире специализированных БД по материаловедению. Содержит консолидированные данные из нескольких источников, охватывает множество классов материалов, типов свойств и областей применения. Позволяет специалистам идентифицировать материалы и их свойства. Специализированные функции поиска (по элементному составу, химической структуре), визуализация кристаллической структуры, фазовые диаграммы, таблицы данных с возможностью их экспорта для дальнейшего анализа |
| 540 | b | Поставщик/Провайдер | Российский центр научной информации (РЦНИ) | |
| c | Источник права | электронная подписка | ||
| 650 | 04 | a | Основная рубрика | материаловедение |
| a | Основная рубрика | физика | ||
| a | Основная рубрика | химия | ||
| 856 | 40 | a | Имя сервера/домена | Springer Materials |
| i | Указания/сценарий входа | Доступ открыт с компьютеров университета | ||
| u | URL | https://materials.springer.com/ | ||
| z | Примечание для пользователя | Глубина доступа: 2024 г. | ||
| 900 | a | Имя электронного ресурса | obl_SpringerMaterials | |
| 901 | t | Тип документа | 0 |